| 000 | 02377nam a22003617a 4500 | ||
|---|---|---|---|
| 001 | 103927 | ||
| 003 | KnowledgeUnlatched | ||
| 005 | 20210303104902.0 | ||
| 006 | m o d | ||
| 007 | cr u|||||||||| | ||
| 008 | 210129p20082020xx o u00| u eng d | ||
| 037 | _5BiblioBoard | ||
| 245 | 0 | 0 |
_aNative Americans and the Christian Right _bThe Gendered Politics of Unlikely Alliances / _cAndrea Smith. |
| 020 | _a9780822388876 | ||
| 024 | 8 | _ahttps://doi.org/10.1215/9780822388876 | |
| 029 | 1 | _ahttps://library.biblioboard.com/ext/api/media/c6fc02aa-3754-45a2-8fbf-4cf32f5c3e18/assets/thumbnail.jpg | |
| 040 |
_aScCtBLL _cScCtBLL |
||
| 100 | 1 |
_aSmith, Andrea _eauthor. |
|
| 264 | 1 | _bDuke University Press, | |
| 300 | _a1 online resource (1 p.) | ||
| 506 | 0 |
_aAccess copy available to the general public. _fUnrestricted _2star |
|
| 520 | _aIn Native Americans and the Christian Right, Andrea Smith advances social movement theory beyond simplistic understandings of social-justice activism as either right-wing or left-wing and urges a more open-minded approach to the role of religion in social movements. In examining the interplay of biblical scripture, gender, and nationalism in Christian Right and Native American activism, Smith rethinks the nature of political strategy and alliance-building for progressive purposes, highlighting the potential of unlikely alliances, termed "cowboys and Indians coalitions" by one of her Native activist interviewees. She also complicates ideas about identity, resistance, accommodation, and acquiescence in relation to social-justice activism. Smith draws on archival research, interviews, and her own participation in Native struggles and Christian Right conferences and events. | ||
| 588 | 0 | _aDescription based on print version record. | |
| 590 | _aKU Select 2019: HSS Backlist Books | ||
| 650 | 7 |
_aReligion / Christianity _2bisacsh |
|
| 650 | 0 | _aReligion | |
| 655 | 0 | _aElectronic books. | |
| 758 |
_iIs found in: _aKnowledge Unlatched _1https://openresearchlibrary.org/module/2774bc74-146a-484f-a7ba-ab1d6a09bbfb |
||
| 856 | 4 | 0 |
_uhttps://openresearchlibrary.org/content/c6fc02aa-3754-45a2-8fbf-4cf32f5c3e18 _zView this content on Open Research Library. _70 |
| 999 |
_c32838 _d32838 |
||